Vista normal Vista MARC

Aprender a Dibujar y Escribir (Registro nro. 747)

Detalles MARC
000 -Cabecera (24)
Campo de control interno 02295nam a22003137a 4500
001 - Número de control
Campo de control UTEA
005 - Fecha y hora de la
Campo de control 20231226133610.0
006 - Campos de control - información adicional
Campos de control g||||gr||||||01 nz
007 - Tipo material - Descripcion fisica - info general
Tipo material ta
008 - Códigos de longitud fija (40p)
Campo de control de longitud fija 161212b ar||||| |||| 00| 0 spa d
020 ## - INTERNATIONAL STANDARD BOOK NUMBER
ISBN 9789875382800
040 ## - Origen de la Catalogacion
Centro catalogador/agencia de origen UTEA
041 ## - Código de idioma (R)
Código de lengua del texto/banda sonora o título independiente (R) Es
044 ## - COUNTRY OF PUBLISHING/PRODUCING ENTITY CODE
MARC country code AR
082 ## - Número de la Clasificación
Número de la Clasificación 370.15
Notación Interna S29
100 ## - Autor Personal
Autor Personal Sheuer Montserrat de la cruz, Nora
Término indicativo de función (R) Autor
245 ## - Titulo
Titulo Aprender a Dibujar y Escribir
Subtitulo Las Perspectivas de los Niños, Sus Familiares y Maestros
Mención del autor Nora. Scheuer Montserrat de la cruz,
Medio físico [Impreso]
250 ## - Mencion de edicion
Mencion de edicion a edición
260 ## - Editorial
Ciudad Buenos Aires - Argentina
Nombre de la Editorial NOVEDADES EDUCATIVAS S.A.de C.V-Mexico
Fecha 2010
300 ## - Descripcion
Páginas 271 páginas.
Otros detalles físicos Cuadros, Figuras, Tablas.
Dimensiones 15.5 x 22.5 cm.
505 ## - Nota de contenido formateada
Nota de contenido formateada Índice del Libro] Las concepciones de aprendizaje como desafío de la educación. -- Las concepciones de aprendizaje de los niños como teorías implícitas. -- Dibujar y escribir desde la perspectiva de los investigadores. -- Concepciones de los niños sobre aprendizaje en el dibujo. -- Dibujar ayuda cuando se aprende a escribir las concepciones de los niños. -- Las concepciones de los niños sobre el aprendizaje de la escritura. -- Aprender a escribir en distintos entornos socioculturales. -- Las huayllas de género de concepciones de aprendizaje de la escritura. -- Aprender a escribir desde las concepciones de las niñas y las de las enseñanzas. -- Relaciones entre la familia y la escuela para el aprendizaje de la escritura.
520 ## - Resumen
Resumen Este libro aborda el aprendizaje del dibujo y de la escritura desde la perspectiva de los propios niños que aprenden . también explora en forma complementaria, las perspectivas que sus principales educadores expresan acerca del aprendizaje de la escritura partimos de la idea que ela aprender los niños van ampliando su horizonte sus recursos medida que el mundo físico y social en el entorna más fácil manejable se transforman sus modelos de participación en el.
650 #0 - Temas - Descriptores
Temas - Descriptores APRENDER A DIBUJAR
9 (RLIN) 4384
650 #0 - Temas - Descriptores
Temas - Descriptores APRENDER A ESCRIBIR
9 (RLIN) 4385
650 #0 - Temas - Descriptores
Temas - Descriptores LOS NIÑOS SOBRE EL APRENDIZAJE DEL DIBUJO
9 (RLIN) 4386
653 ## - Palabras Claves
Palabras Claves EDUCACIÓN
-- APRENDER
-- DIBUJAR
-- ESCRIBIR
-- MAESTROS
700 ## - Coautor Personal
Coautor Personal Ignacio Pozo, Juan
Término indicativo de función (R) Coautor
9 (RLIN) 54680
942 ## - Datos personalizados Koha
Esquema de Clasificacion Library of Congress Classification
Tipo de Documento Libros
Catalogador Mariela Gonzales Franco
Fecha procesamiento 2023-12-26
Existencias
Estado de retiro Estado de pérdida Fuente de Clasificacion Estado No para préstamo Escuela Profesional/ Mención de Maestría Localización permanente Ubicación/localización actual Ubicación en estantería Fecha de adquisición Fuente de adquisición Número de inventario Precio dolares Signatura topográfica completa Código de barras Coste, precio de reemplazo Precio válido a partir de Tipo de ítem Koha
    Dewey Decimal Classification     E.P. Educación Biblioteca Abancay UTEA Biblioteca Abancay UTEA Área de Letras y Humanidades (primer Piso) 01/11/2012 Compra 35141445 2016-12-12 370.15 S29 2010 BABA16120211 79.00 12/12/2016 Libros